Использование нитрата калия для измерения интегральных характеристик импульсного электронного излучения; Известия вузов. Физика; Т. 56, № 7-2

Chi tiết về thư mục
Parent link:Известия вузов. Физика: научный журнал/ Национальный исследовательский Томский государственный университет (ТГУ).— , 1957-
Т. 56, № 7-2.— 2013.— [С. 48-52]
Tác giả chính: Шиян Л. Н. Людмила Николаевна
Tác giả khác: Меринова Л. Р. Лилия Рашидовна, Кайканов М. И. Марат Исламбекович
Tóm tắt:Заглавие с экрана
Представлены результаты по исследованию дозиметра на основе нитрата калия для определения характеристик импульсного электронного излучения с энергией электронов 500 кэВ. Одним из конечных продуктов, образующихся после облучения нитрата калия, является нитрит-ион, радиационно-химический выход которого постоянен и составляет 1,6 ионов/100 эВ. Измеряя концентрацию нитрит-иона с реактивом Грисса, можно определить поглощенную дозу в любой геометрической точке облучаемого объема. С помощью данного подхода исследована возможность использования водного раствора нитрата калия в качестве дозиметра водных растворов. Показано, что в растворах разной концентрации радиационно-химический выход нитрит-ионов изменяется, что ограничивает его использование в качестве дозиметра для водных растворов.
Режим доступа: по договору с организацией-держателем ресурса
Ngôn ngữ:Tiếng Nga
Được phát hành: 2013
Những chủ đề:
Truy cập trực tuyến:http://elibrary.ru/item.asp?id=21115154
Định dạng: MixedMaterials Điện tử Chương của sách
KOHA link:https://koha.lib.tpu.ru/cgi-bin/koha/opac-detail.pl?biblionumber=646214

MARC

LEADER 00000nla0a2200000 4500
001 646214
005 20250402123846.0
035 |a (RuTPU)RU\TPU\network\11348 
090 |a 646214 
100 |a 20160216d2013 k||y0rusy50 ca 
101 0 |a rus 
102 |a RU 
135 |a drnn ---uucaa 
181 0 |a i  
182 0 |a b 
200 1 |a Использование нитрата калия для измерения интегральных характеристик импульсного электронного излучения  |f Л. Н. Шиян, Л. Р. Меринова, М. И. Кайканов 
203 |a Текст  |c электронный 
300 |a Заглавие с экрана 
320 |a [Библиогр.: с. 52 (4 назв.)] 
330 |a Представлены результаты по исследованию дозиметра на основе нитрата калия для определения характеристик импульсного электронного излучения с энергией электронов 500 кэВ. Одним из конечных продуктов, образующихся после облучения нитрата калия, является нитрит-ион, радиационно-химический выход которого постоянен и составляет 1,6 ионов/100 эВ. Измеряя концентрацию нитрит-иона с реактивом Грисса, можно определить поглощенную дозу в любой геометрической точке облучаемого объема. С помощью данного подхода исследована возможность использования водного раствора нитрата калия в качестве дозиметра водных растворов. Показано, что в растворах разной концентрации радиационно-химический выход нитрит-ионов изменяется, что ограничивает его использование в качестве дозиметра для водных растворов. 
333 |a Режим доступа: по договору с организацией-держателем ресурса 
461 |t Известия вузов. Физика  |o научный журнал  |f Национальный исследовательский Томский государственный университет (ТГУ)  |d 1957- 
463 |t Т. 56, № 7-2  |v [С. 48-52]  |d 2013 
610 1 |a электронный ресурс 
610 1 |a труды учёных ТПУ 
610 1 |a импульсные электронные пучки 
610 1 |a дозиметрия 
610 1 |a водные растворы 
610 1 |a нитрат калия 
700 1 |a Шиян  |b Л. Н.  |c химик  |c доцент Томского политехнического университета, кандидат физико-математических наук  |f 1952-  |g Людмила Николаевна  |3 (RuTPU)RU\TPU\pers\25655 
701 1 |a Меринова  |b Л. Р.  |c физик  |c младший научный сотрудник Томского политехнического университета  |f 1981-  |g Лилия Рашидовна  |3 (RuTPU)RU\TPU\pers\28105  |9 13063 
701 1 |a Кайканов  |b М. И.  |c физик  |c младший научный сотрудник Томского политехнического университета  |f 1987-  |g Марат Исламбекович  |3 (RuTPU)RU\TPU\pers\30624 
801 2 |a RU  |b 63413507  |c 20160216  |g RCR 
856 4 |u http://elibrary.ru/item.asp?id=21115154 
942 |c CF